| 000 | 00751nam a22001695i 4500 | ||
|---|---|---|---|
| 001 | 163926 | ||
| 003 | ES-MaACL | ||
| 005 | 20230906212834.0 | ||
| 008 | 940615s1891 sp a |||| | spa d | ||
| 040 |
_aCAM _bspa |
||
| 100 | 1 |
_aRomero Blanco, Francisco. _9132030 |
|
| 245 | 1 | 3 |
_aLa vida en todas sus manifestaciones _b: discurso leido en la Universidad literaria de Santiago durante la solemne inauguración del curso académico de 1891 à 1892 / _cpor Francisco Romero Blanco. |
| 260 |
_aSantiago : _b[s.n.], _c1891 ( _fImp. de José Maria Paredes) |
||
| 300 |
_a194 p., [2] h. de grab. ; _c24 cm. |
||
| 710 | 2 |
_aUniversidad Literaria de Santiago de Compostela. _9135006 |
|
| 852 |
_aES-MaACL _jT-498-F-3 _z-- Enc. hol. _z-- Enc. en un vol. facticio |
||
| 999 |
_c163926 _d163926 |
||